Didaktische Vorschläge bei der Umsetzung der Wissenschaftssprache im universitären Bereich

V príspevku sa vychádza z predpokladu, že ovládanie kultivovanej vedeckej komunikačnej kompetencie je významným faktorom úspechu v štúdiu na univerzite i v budúcom povolaní. Cieľom je prezentovanie didaktických reflexií a komunikačných stratégií, ktoré vedú k ovládaniu vedeckého štýlu v akademickom...

Descripción completa

Guardado en:
Detalles Bibliográficos
Autor principal: Széherová, Eva
Formato: Capítulo de libro
Lenguaje:alemán
Materias:
Etiquetas: Agregar Etiqueta
Sin Etiquetas, Sea el primero en etiquetar este registro!

MARC

LEADER 00000nla a2200000 4500
001 0181758
005 20240502073122.7
041 0 |a ger 
044 |a SK 
245 1 0 |a Didaktische Vorschläge bei der Umsetzung der Wissenschaftssprache im universitären Bereich  |c Eva Széherová 
520 |a V príspevku sa vychádza z predpokladu, že ovládanie kultivovanej vedeckej komunikačnej kompetencie je významným faktorom úspechu v štúdiu na univerzite i v budúcom povolaní. Cieľom je prezentovanie didaktických reflexií a komunikačných stratégií, ktoré vedú k ovládaniu vedeckého štýlu v akademickom vysokoškolskom prostredí. 
610 2 0 |a vzdelávanie vysokoškolské 
610 2 0 |a jazyky cudzie 
610 2 0 |a komunikácia 
610 2 0 |a kompetencie 
610 2 0 |a veda 
100 1 |a Széherová, Eva